| 000 -LEADER |
| fixed length control field |
00970nam a22001577a 4500 |
| 003 - CONTROL NUMBER IDENTIFIER |
| control field |
LRUA |
| 005 - DATE AND TIME OF LATEST TRANSACTION |
| control field |
20221125151058.0 |
| 008 - FIXED-LENGTH DATA ELEMENTS--GENERAL INFORMATION |
| fixed length control field |
221021b xxu||||| |||| 00| 0 eng d |
| 040 ## - CATALOGING SOURCE |
| Transcribing agency |
RUA |
| 082 ## - DEWEY DECIMAL CLASSIFICATION NUMBER |
| Edition number |
VEM VAD 2015 B543 Or. |
| 100 ## - MAIN ENTRY--PERSONAL NAME |
| 9 (RLIN) |
15400 |
| Personal name |
VA DARAPISETH,វ៉ា តារាពិសិដ្ឋ |
| 245 ## - TITLE STATEMENT |
| Title |
EFFECTIVENESS OF THREE ANTIBIOTICS ON DIARRHEA OF SUCKLING PIGLETS ON EXCHANGE FARM OF M's Pig ACMC AT KONG PISEI DISTRICT,KOMPONG SPEU PROVINCE,ប្រសិទ្ធភាពនៃការប្រើប្រាស់ ANTIBIOTICS បីប្រភេទលើជំងឺរាកកូនជ្រូកក្នុងអំឡុងពេលបៅដោះមេ នៅកសិដ្ឋានប្រវាស់របស់ក្រុមហ៊ុន M's Pig ACMC ស្រុកគងពិសី ខេត្តកំពង់ស្ពឺ |
| 260 ## - PUBLICATION, DISTRIBUTION, ETC. (IMPRINT) |
| Place of publication, distribution, etc. |
phnom penh |
| Name of publisher, distributor, etc. |
rua |
| Date of publication, distribution, etc. |
2015 |
| 300 ## - PHYSICAL DESCRIPTION |
| Extent |
viii.32p. |
| Other physical details |
ill. |
| Dimensions |
29cm. |
| 942 ## - ADDED ENTRY ELEMENTS (KOHA) |
| Source of classification or shelving scheme |
|
| Koha item type |
VEM |